Eastern Utah Libraries Catalog: Duchesne, Heber, Roosevelt, & Vernal

The summer of chasing mermaids / (Record no. 197930)

MARC details
000 -LEADER
fixed length control field 01664pam a2200397 i 4500
001 - CONTROL NUMBER
control field BK0015793880
003 - CONTROL NUMBER IDENTIFIER
control field DLC
005 - DATE AND TIME OF LATEST TRANSACTION
control field 20241220163035.0
008 - FIXED-LENGTH DATA ELEMENTS--GENERAL INFORMATION
fixed length control field 140919s2015 nyu d 000 1 eng
010 ## - LIBRARY OF CONGRESS CONTROL NUMBER
LC control number 2014034875
020 ## - INTERNATIONAL STANDARD BOOK NUMBER
International Standard Book Number 9781481401272 : HRD
Terms of availability $17.99
020 ## - INTERNATIONAL STANDARD BOOK NUMBER
International Standard Book Number 1481401270 : HRD
Terms of availability $17.99
Cancelled/invalid ISBN 9781481401296 (eBook)
037 ## - SOURCE OF ACQUISITION
Source of stock number/acquisition Simon & Schuster, 100 Front st, Riverside, NJ, USA, 08075-7500
Note SAN 200-2442
040 ## - CATALOGING SOURCE
Original cataloging agency DLC
Language of cataloging eng
Description conventions rda
Transcribing agency DLC
Modifying agency NjBwBT
050 00 - LIBRARY OF CONGRESS CALL NUMBER
Classification number PZ7.O168
Item number Sum 2015
082 00 - DEWEY DECIMAL CLASSIFICATION NUMBER
Classification number [Fic]
Edition number 23
092 ## - LOCALLY ASSIGNED DEWEY CALL NUMBER (OCLC)
Classification number FIC
100 1# - MAIN ENTRY--PERSONAL NAME
Personal name Ockler, Sarah.
9 (RLIN) 6250822
245 14 - TITLE STATEMENT
Title The summer of chasing mermaids /
Statement of responsibility, etc Sarah Ockler.
250 ## - EDITION STATEMENT
Edition statement First Simon Pulse hardcover edition.
260 ## - PUBLICATION, DISTRIBUTION, ETC. (IMPRINT)
Name of publisher, distributor, etc Simon & Schuster
Date of publication, distribution, etc 2015
264 #1 - Production, Publication, Distribution, Manufacture, and Copyright Notice.
Place of production, publication, distribution, manufacture New York :
Name of producer, publisher, distributor, manufacturer Simon Pulse,
Date of production, publication, distribution, manufacture, or copyr 2015.
300 ## - PHYSICAL DESCRIPTION
Extent 403 pages ;
Dimensions 22 cm
336 ## - Content Type
Content type term text
337 ## - Media type
Media type term unmediated
338 ## - Carrier type
Carrier type term volume
520 ## - SUMMARY, ETC.
Summary, etc After a boating accident takes her beautiful singing and speaking voice from her, Elyse d'Abreau, the youngest of six sisters, leaves her home in Tobago to stay in an Oregon seaside town where Christian Kane, a notorious playboy, challenges her to express herself and to overcome her fear of the sea.
650 #1 - SUBJECT ADDED ENTRY--TOPICAL TERM
Topical term or geographic name as entry element Mute persons
Form subdivision Fiction.
9 (RLIN) 5723551
650 #1 - SUBJECT ADDED ENTRY--TOPICAL TERM
Topical term or geographic name as entry element Communication
Form subdivision Fiction.
9 (RLIN) 5679281
650 #1 - SUBJECT ADDED ENTRY--TOPICAL TERM
Topical term or geographic name as entry element Loss (Psychology)
Form subdivision Fiction.
9 (RLIN) 5673768
650 #1 - SUBJECT ADDED ENTRY--TOPICAL TERM
Topical term or geographic name as entry element Dating (Social customs)
Form subdivision Fiction.
9 (RLIN) 5675717
650 #1 - SUBJECT ADDED ENTRY--TOPICAL TERM
Topical term or geographic name as entry element Community life
Geographic subdivision Oregon
Form subdivision Fiction.
9 (RLIN) 6533198
650 #1 - SUBJECT ADDED ENTRY--TOPICAL TERM
Topical term or geographic name as entry element West Indians
Geographic subdivision United States
Form subdivision Fiction.
9 (RLIN) 6513341
651 #1 - SUBJECT ADDED ENTRY--GEOGRAPHIC NAME
Geographic name Oregon
Form subdivision Fiction.
9 (RLIN) 5688552
651 #1 - SUBJECT ADDED ENTRY--GEOGRAPHIC NAME
Geographic name West Indies
Form subdivision Fiction.
9 (RLIN) 6412676
Holdings
Withdrawn status Lost status Source of classification or shelving scheme Damaged status Not for loan Collection code Home library Current library Shelving location Date acquired Source of acquisition Cost, normal purchase price Total Checkouts Total Renewals Full call number Barcode Date last seen Date checked out Cost, replacement price Price effective from Koha item type
    Dewey Decimal Classification     Young Adult Fiction Wasatch County Library Wasatch County Library Main Floor Teen Area 08/18/2015   17.99 30 6 YA Ockler 34301001214503 06/10/2024 06/03/2024 17.99 03/20/2020 BOOK
This project was made possible through a grant from the Institute of Museum and Library Service administered by the Utah State Library Division.

Wasatch County Library

  • 465 East 1200 South, Heber City, Utah 84032
  • Phone 435-654-1511 | Fax 435-654-6456

Hours

  • Monday - Friday 9:30 AM - 8:00 PM
  • Saturday 9:30 AM - 1:30 PM
  • Closed Sundays and Holidays